000 003340000a22001450004500
060 _a100
082 _a589.34 STR.02
100 _aFritsch, F E
245 _aStructure and reproduction of the Algae,VII
260 _aLondon, Cambridge University Press
260 _c1945
300 _aXii+939
650 _aAlgae
942 _cBK
999 _c351574
_d351574